=LDR 00000nam 2200000 4500 =001 INLIS000000000015846 =005 20130612111123 =008 ***********************************Ind** =035 ##$$a0010-061300000015846 =041 ##$$a Ind =082 ##$$a 346. 08 =090 ##$$a 346. 08, Sas h =100 ##$$a Sastrawijaya, M. Suparman =245 ##$$a Hukum asuransi, Perlindungan tentang asuransi deposito usaha perasuransian, M. Suparman Sastrawidjaya SH. SU ; Endang SH =260 ##$$a 1993 $b Bandung =300 ##$$a x - 284 hlm., 21 cm =650 ##$$a Hukum asuransi =700 ##$$a Endang =850 ##$$a NBPNMAT =990 ##$$a 21400613/BPAP-NTB/20142014